گلہر ی ا و ر چڑ يا (Record no. 184688)

MARC details
000 -LEADER
fixed length control field 00631nam a22001937a 4500
005 - DATE AND TIME OF LATEST TRANSACTION
control field 20220124160303.0
010 ## - LCCN (DPL NO)
LC control number UR-11407
020 ## - INTERNATIONAL STANDARD BOOK NUMBER
Terms of availability 100.00
International Standard Book Number 9789392496011
035 ## - SYSTEM CONTROL NUMBER
System control number U-9962
037 ## - SOURCE OF ACQUISITION
Source of stock number/acquisition DBAD/PUB
Stock number dpl
082 ## - DEWEY DECIMAL CLASSIFICATION NUMBER
Classification number ک
100 ## - MAIN ENTRY--PERSONAL NAME
Personal name شيخ عبد الغنی
245 ## - TITLE STATEMENT
Title گلہر ی ا و ر چڑ يا
Statement of responsibility, etc شيخ عبد الغنی
246 ## - VARYING FORM OF TITLE
Remainder of title ‏Gilhari Aur Chidiya (Urdu)
Title proper/short title by Shaikh Abdul Ghani
260 ## - PUBLICATION, DISTRIBUTION, ETC. (IMPRINT)
Place of publication, distribution, etc Delhi
Name of publisher, distributor, etc Educational Publishing House
Date of publication, distribution, etc 2021 ء
270 ## - ADDRESS
Address 3191,Vakil Street,Kucha Pandit,Lal Kuan,
City Delhi
Postal code 110006
Telephone number 23216162
Fax number -
300 ## - PHYSICAL DESCRIPTION
Extent 56 ص
Dimensions 22 Cm(Hb)
942 ## - ADDED ENTRY ELEMENTS (KOHA)
Source of classification or shelving scheme Dewey Decimal Classification
Item type Urdu Bks
Classification part ک
Call number suffix ش ے خ
Holdings
Withdrawn status Lost status Not for loan Collection code Home library Current library Date acquired Source of acquisition Cost, normal purchase price Full call number Barcode Copy number Cost, replacement price Koha item type
    Not For Loan Fiction D.B.Act.Division Central Library 24/01/2022 DBAD/PUB 100.00 ک ش ے خ U-9962 1 100.00 Urdu Bks

© Delhi Public Library
Hit Counter
free hit counter